VN văn hóa sử cương

Đã lưu trong:
Chi tiết về thư mục
Tác giả chính: Đào Duy Anh
Định dạng: Sách
Ngôn ngữ:Vietnamese
Được phát hành: Văn học 2010
Những chủ đề:
Các nhãn: Thêm thẻ
Không có thẻ, Là người đầu tiên thẻ bản ghi này!
Thư viện lưu trữ: Mạng thư viện Đại học Đà Nẵng
LEADER 01014cam a22003131a 4500
001 000033262
003 9410
005 20151019000000.0
008 151016s2010 000 vie
041 |a vie 
082 |a 495.9230  |b ĐA-A 
100 |a Đào Duy Anh 
245 |a VN văn hóa sử cương  |c Đào Duy Anh 
260 |a Văn học  |c 2010 
300 |a 350tr. : mh ; 20cm 
650 |a 2010,Đào Duy Anh, văn hóa, xã hội, VN 
852 |b Chuyên đề  |c Ngôn ngữ tiếng Việt 1 
OWN |a LNN 
AVA |a UDN50  |b LNN  |d 495.9230 ĐA-A  |e available  |t Error 5001 Not defined in file expand_doc_bib_avail.  |f 1  |g 0  |h N  |i 0  |k 1 
999 |a From the UDN01 
AVA |a UDN50  |b LNN  |d 495.9230 ĐA-A  |e available  |t Error 5001 Not defined in file expand_doc_bib_avail.  |f 1  |g 0  |h N  |i 0  |k 1 
TYP |a Monograph 
980 |a Mạng thư viện Đại học Đà Nẵng